000 02274nmm a22002537a 4500
001 045008
003 UAHC_CL
005 20260504164016.0
008 260504s2024 cl o d 000 spa
040 _aUAHC_CL
_cUAHC_CL
_dUAHC_CL
100 _aAlfaro Rodriguez, Loreto
_923421
245 1 0 _aIdentidad cultural de la discapacidad y desarrollo de públicos en las artes. Una mirada a la trayectoria en la participación cultural de las personas con síndrome x frágil y las cuidadoras partícipes de las funciones distendidas de GAM en 2018.
_cLoreto Alfaro ; profesora guía Javiera Cienfuegos.
260 _aSantiago, Chile :
_bUniversidad Academia de Humanismo Cristiano,
_c2024.
300 _a41 páginas.
500 _aTesis para optar al grado de Magíster en Antropología.
502 _aTesis (Magíster en Antropología) -- Universidad Academia de Humanismo Cristiano, 2024.
516 _aTesis electrónica (PDF). Solicitar envío de documento a biblioteca@academia.cl.
520 _aEste estudio examina la experiencia de cuidadores/as y sus hijos con Síndrome X Frágil que participaron en el programa Funciones Distendidas en 2018. Su objetivo es identificar los elementos culturales de la discapacidad desde la perspectiva de las cuidadoras/es y entender los factores que facilitan o dificultan la participación de la diada en actividades artístico-culturales. La investigación analiza los hábitos actuales de consumo cultural del grupo y los preconceptos que afectan su participación. Teóricamente se incluirá una revisión histórica de la discapacidad, propuestas sobre identidad y discapacidad, y el estado actual de las políticas culturales de desarrollo de públicos. La presentación de resultados versará en las entrevistas realizadas a miembros de la Corporación X Frágil, cuidadoras de personas que tienen el síndrome. El análisis de datos, basado en el análisis de discurso, llevará a propuestas para mejorar la inclusión social y cultural de personas con discapacidad y sus cuidadores en el ámbito artístico.
650 0 _aDiscapacidades
_xInvestigaciones
_zChile
_916544
650 0 _aCuidadores familiares
_93198
700 _aCienfuegos Illanes, Javiera
_93449
_eprofesora guía
900 _aTMAN 39
942 _cTS
_2ddc
999 _c63670
_d63670